000 01292nam a22002177a 4500
999 _c64169
_d64169
003 Ge_BSU
005 20260424110728.0
008 260424s1998 ge ||||| |||| 00| 0 geo d
020 _a5511007870
041 _ageo
080 _a330.101(075.8) მ-19
100 _aმაკკონელი, კემპბელ რ.
_927367
245 _aეკონომიკსი :
_bპრინციპები, პრობლემები, პოლიტიკა : სახელმძღვ., მე-11 გამოცემის რეფერატ-დაიჯესტი /
_cკემპბელ რ.მაკკონელი; [შემდგ.: თეიმურაზ ბერიძე, ნანა ადეიშვილი ; მთარგმნ.: ნანული არევაძე ; ქართ. გამოცემის რედ.: როზეტა ასათიანი].
250 _aმე-11 გამოცემა.
264 _aთბ. :
_b სიახლე,
_c1998.
300 _a240 გვ. ;
_b20 სმ.
653 _aეკონომიკსი
653 _aეკონომიკის თეორია
700 _aბრიუ, სტენლი ლ.
_eავტორი
_927368
942 _2udc
_cᲬᲘᲒᲜᲘ